Ostrowska, Ewa. Dama polskiej medycyny. - Gdynia : Oficyna Wydawnicza "Miniatura". - 2002 [Rezension]

Titel: Ostrowska, Ewa. Dama polskiej medycyny. - Gdynia : Oficyna Wydawnicza "Miniatura". - 2002 [Rezension]
Verfasser:
In: Rocznik Gdański, Band 16 (2003), Seite 353-354
alle Artikel anzeigen
Veröffentlicht: 2003
Format: Aufsatz
Sprache: Polnisch
Kein Bild verfügbar
X
alg: 39493393
001A    $01999:12-11-16 
001B    $01999:04-08-21 $t20:59:43.000 
001D    $01999:12-11-16 
001U    $0utf8 
001X    $00 
002@    $0Aox 
003@    $0394933931 
007A    $0394933931 $aHEB 
007T    $0Herdc0085685m 
010@    $apol 
011@    $a2003 
021A    $aOstrowska, Ewa. Dama polskiej medycyny. - Gdynia : Oficyna Wydawnicza "Miniatura". -  2002 [Rezension] 
028A    $#Greczanik, Izabella $#Filipp, Izabella Greczanik- $#Filip, Izabella, Greczanik- $#Greczanik-Filip, Izabella $71082326887 $8Greczanik-Filipp, Izabella$Z1939-2007 [Tp1] $9369744411 
031A    $d16 $h353-354 $j2003 
039B    $aIn $8--Abvc--. Rocznik Gdański. - Gdańsk : Wydawn. Gdańskie, 1927-. - ISSN 0080-3456 $x200300000160000647 $9047550872 
039T    $8--Aax--Ostrowska, Ewa. Dama polskiej medycyny. - Gdynia : Oficyna Wydawnicza "Miniatura", 2002. - 165 s., tabl. 32 $9395566495 
045F    $a900.9438 $eDDC23BSB 
045F/01 $a900 
045F/03 $g438 
045F/03 $g4382 
045F/03 $g43832 
045T    $a9,10 $a8 

lok: 39493393 78

exp: 39493393 78 1 #EPN
201B/01 $018-11-16 $t13:11:28.000 
201U/01 $0utf8 
203@/01 $0791232514 
208@/01 $a12-11-16 $be 
209A/01 $a/ $f000 $x00 
220C/01 $aHerkunft: HI Marburg 
244Z/01 $2Trx $#Poola $#Lenkija $#Polija $#Polen Land $#Poland $#Lengyelország $#Poľsko $#Polsko $8--Trx--Polska$gkraj $x01 $9391345966 
244Z/01 $2Trx $#Prusy Wschodnie i Zachodnie $8--Trx--Ost- und Westpreußen $x02 $939113373X 
244Z/01 $2Trx $#arvustused $#recenzijos $#Reviews $#recenziók $#recenzje $#recenzie $#recenze $8--Trx--Rezensionen $x03 $9391357441 
247C/01 $82080>Marburg/Lahn, Herder-Institut, Forschungsbibliothek, Bibliographieportal $9336309341
LEADER 00000caa a22000002c 4500
001 394933931
003 DE-603
005 20210804205943.0
007 tu
008 161112s2003 xx |||| | u00||u|pol c
035 |a (DE-599)HEB394933931 
040 |a DE-603  |b ger  |c DE-603  |d DE-603 
041 |a pol 
082 0 4 |8 1\u  |a 900.9438  |q DE-101  |2 23/BSB 
084 |a 9,10  |a 8  |2 ssgn 
085 |8 1\u  |b 900 
085 |8 1\u  |z 2  |s 438 
085 |8 1\u  |z 2  |s 4382 
085 |8 1\u  |z 2  |s 43832 
100 1 |a Greczanik-Filipp, Izabella  |d 1939-2007  |0 (DE-603)369744411  |0 (DE-588)1082326887  |2 gnd 
245 0 0 |a Ostrowska, Ewa. Dama polskiej medycyny. - Gdynia : Oficyna Wydawnicza "Miniatura". - 2002 [Rezension] 
264 0 |c 2003 
773 0 8 |i In  |t Rocznik Gdański  |d Gdańsk : Wydawn. Gdańskie, 1927-  |x 0080-3456  |g Band 16 (2003), Seite 353-354  |w (DE-603)047550872  |w (DE-600)400807-8 
787 0 8 |i Rezension von  |a Ostrowska, Ewa  |t Dama polskiej medycyny  |d Gdynia : Oficyna Wydawnicza "Miniatura", 2002  |h 165 s., tabl. 32, 8  |w (DE-603)395566495 
924 0 |9 2080  |a (DE-603)791232514  |b DE-2080  |c HES  |d d  |g /